B.R.Ambedkar The Quest for Justice (Record no. 1848591)

MARC details
000 -LEADER
fixed length control field 01074nam a22002777a 4500
005 - DATE AND TIME OF LATEST TRANSACTION
control field 20260428125315.0
008 - FIXED-LENGTH DATA ELEMENTS--GENERAL INFORMATION
fixed length control field 260428b |||||||| |||| 00| 0 eng d
020 ## - INTERNATIONAL STANDARD BOOK NUMBER
International Standard Book Number 9780190126827
020 ## - INTERNATIONAL STANDARD BOOK NUMBER
International Standard Book Number 9780190126834
020 ## - INTERNATIONAL STANDARD BOOK NUMBER
International Standard Book Number 9780190126841
020 ## - INTERNATIONAL STANDARD BOOK NUMBER
International Standard Book Number 9780190127886
020 ## - INTERNATIONAL STANDARD BOOK NUMBER
International Standard Book Number 9780190127893
037 ## - SOURCE OF ACQUISITION
Terms of availability FLL
040 ## - CATALOGING SOURCE
Original cataloging agency FLL
Transcribing agency FLL
050 ## - LIBRARY OF CONGRESS CALL NUMBER
Classification number eng
084 ## - COLON CLASSIFICATION NUMBER
Classification number V2y7M91 R1.1
245 ## - TITLE STATEMENT
Title B.R.Ambedkar The Quest for Justice
250 ## - EDITION STATEMENT
Edition statement 1st.
260 ## - PUBLICATION, DISTRIBUTION, ETC.
Place of publication, distribution, etc. New Delhi
Name of publisher, distributor, etc. Oxford
Date of publication, distribution, etc. 2021
300 ## - PHYSICAL DESCRIPTION
Extent 5v(xxxviii,284;xxxvii,315;xxxv,278;xvii,259;xxix,288)
500 ## - GENERAL NOTE
General note v1-Political Justice(LL1943477)(V2y7M91 R1.1)<br/>v2-Social Justice(LL1943478)(V2y7M91 R1.2)<br/>V3-Legal and Economic Justice(LL1943479)(V2y7M91 R1.3)<br/>V4-Gender and Racial Justice(LL1943480)(V2y7M91 R1.4)<br/>v5-Religious and Cultural Justice(LL1943481)(V2y7M91 R1.5)
650 ## - SUBJECT ADDED ENTRY--TOPICAL TERM
Topical term or geographic name entry element Political Justice, Social Justice, Economic Justice,Gender & Racial Justice,Religious & Cultural Justice
9 (RLIN) 1235889
700 ## - ADDED ENTRY--PERSONAL NAME
Personal name Rathore, Akash Singh(ed.)
9 (RLIN) 1235853
760 ## - MAIN SERIES ENTRY
Edition 1st.
942 ## - ADDED ENTRY ELEMENTS (KOHA)
Source of classification or shelving scheme Colon Classification (CC)
Koha item type Reference
Suppress in OPAC No
Holdings
Withdrawn status Lost status Source of classification or shelving scheme Damaged status Not for loan Home library Current library Date acquired Source of acquisition Inventory number Total Checkouts Full call number Barcode Date last seen Copy number Price effective from Koha item type
    Colon Classification (CC)     Faculty of Law Library Faculty of Law Library 2026-01-13 Satyam books 1400-13/01/2026   V2y7M91 LL1943477 2026-04-28 1 2026-04-28 Reference
    Colon Classification (CC)     Faculty of Law Library Faculty of Law Library 2026-01-13 Satyam books 1400-13/01/2026   V2y7M91 LL1943478 2026-04-28 1 2026-04-28 Reference
    Colon Classification (CC)     Faculty of Law Library Faculty of Law Library 2026-01-13 Satyam books 1400-13/01/2026   V2y7M91 LL1943479 2026-04-28 2 2026-04-28 Reference
    Colon Classification (CC)     Faculty of Law Library Faculty of Law Library 2026-01-13 Satyam books 1400-13/01/2026   V2y7M91 LL1943480 2026-04-28 3 2026-04-28 Reference
    Colon Classification (CC)     Faculty of Law Library Faculty of Law Library 2026-01-13 Satyam books 1400-13/01/2026   V2y7M91 LL1943481 2026-04-28 4 2026-04-28 Reference
Copyright @ Delhi University Library System